| 000 | 00650 a2200193 4500 | ||
|---|---|---|---|
| 020 | _a0071429824 | ||
| 040 |
_aDLC _bDLC |
||
| 082 | 0 | 0 | _a410 |
| 100 | 1 | _aAitchison, Jean, | |
| 245 | 1 | 0 |
_aLinguistics _cJean Aitchison |
| 260 |
_aChicago, Ill. : _bMcGraw-Hill, _c2004. |
||
| 300 | _aviii, 257 p. | ||
| 490 | 1 | _aTeach yourself | |
| 650 | 0 | _aLinguistics | |
| 830 | 0 | _aTeach yourself books (Lincolnwood, Ill.) | |
| 856 | 4 | 2 |
_3Publisher description _uhttp://www.loc.gov/catdir/description/mh051/2004050466.html |
| 856 | 4 | 2 |
_3Contributor biographical information _uhttp://www.loc.gov/catdir/enhancements/fy0704/2004050466-b.html |
| 942 |
_cBK _k410 ATI _2ddc |
||
| 999 |
_c7397 _d7397 |
||